000 00531nam a22001697a 4500
003 PILC
005 20150826103414.0
008 150826b xxu||||| |||| 00| 0 eng d
050 _aQA 76
_b.M183 2002
100 _aMadrid, Evangeline W.
245 _aBasic concepts on microsoft office /
_cEvangeline W. Madrid.
260 _aMandaluyong City :
_bHyperbit Computer System,
_c2002.
300 _a132 pages :
_billustrations ;
_c26 cm.
500 _aIncludes bibliographical references.
650 _aMicrosoft.
942 _2lcc
_cBK
999 _c288500
_d288500